000 00489nam a22001697a 4500
005 20240202122140.0
010 _aENG-138903
020 _c2000.00
035 _aEN-122435
037 _bDBAD/PUB
082 _a138903
100 _aSen, Ronojoy
_961589
245 _aIndigenous Habitat Vestiges Of Ancestral Life In India's North East /
_bShyamlal Datta
300 _a343 p.
_c25 cm(hbk)
710 _aRoma Chatterjee
_eEditor
_959600
942 _2ddc
_cEN
_h954.5
_mIND
999 _c200152
_d200152